000 00290 a2200121 4500
001 80616
082 _a303.62522 IQB
090 _c39680
_d39680
100 _aIqbal S. Hussain, Dr
245 _aTerrorism in Action
260 _alahorre
_bHumanity International
_c2003
300 _a382
942 _aNUST-CAE
_k303.62522 IQB
999 _c315689
_d315689